Responses for show #4244 - Thursday, January 30, 2003

Jackie Harrison game 3.

Contestants

Kevin Mallory, a library assistant from Knoxville, Tennessee

Brian Hayes, an attorney from Minneapolis, Minnesota

Jackie Harrison, a surgeon from Chicago, Illinois (whose 2-day cash winnings total $35,601)

Jeopardy! Round responses

U.S. GOVT. ABBREV.
PERSONAL PRODUCTS
THAT '70s SONG
THE NORMAN INVASION
WHERE AM I?
"C" FOR YOURSELF
    $200 26
Voice of America

Kevin
    $200 6
Johnson & Johnson

Jackie
    $200 1
"Close to You"

Jackie
    $200 12
Norman Bates

Jackie
    $200 11
Seattle

Brian
    $200 15
crutch

Kevin
    $400 27
National Security Council

Brian
    $400 7
Dockers

Triple Stumper
    $400 2
"I Am Woman" (by Helen Reddy)

Jackie
    $400 22
Norman Mailer

Jackie
    $400 13
San Francisco

Kevin
    $400 17
court-martial

Jackie
    $600 28
(Brian: What is the Federal Wildlife Service?)

Fish and Wildlife Service

BrianKevin
    $2,000 8
Elastic

Jackie
    $600 3
(Brian: What is "The Devil Went Down to Georgia?")

"Bohemian Rhapsody"

JackieBrian
    $600 23
Norman Rockwell

Jackie
    $600 14
Atlanta

Jackie
    $600 18
cowboy

Triple Stumper
    $800 29
(Brian: What is the United States Geographic Service?)

United States Geological Survey

BrianKevin
    $800 9
Garanimals

Kevin
    $800 4
"Send in the Clowns"

Jackie
    $800 24
Norman Lear

Jackie
    $800 16
Minnesota

Jackie
    $800 19
Roberto Clemente

Jackie
    $1000 30
Volunteers in Service to America

Kevin
    $1000 10
Hanes

Jackie
    $1000 5
"If"

Jackie
    $1000 25
Norman Vincent Peale

Jackie
    $1000 21
Albuquerque

Jackie
    $1000 20
Catskills

Jackie

Scores at the first commercial break (after clue 15):

Jackie Brian Kevin
$7,000 -$400 $1,400

Scores at the end of the Jeopardy! Round:

Jackie Brian Kevin
$13,800 -$1,400 $4,000

Double Jeopardy! Round responses

HISTORY
ORGANIZATIONS
THE DIARY OF
OSCAR
"M.E."
TOE-KNEE
    $400 5
(Brian: What is Mesolithic?)

Paleolithic

BrianKevin
    $400 6
Muscular Dystrophy Association

Jackie
    $400 17
Sir Laurence Olivier

Jackie
    $400 7
medical examiner

Jackie
    $400 28
flat feet

Kevin
    $800 4
Ivan the Terrible

Brian
    $800 12
NAACP

Brian
    $800 29
[buzzer sounds to end the round]

Amelia Earhart

Kevin
    $800 18
Meryl Streep

Jackie
    $800 8
(Kevin: What is metro editor?)

managing editor

Kevin
Triple Stumper
    $800 27
knock-knee

Jackie
    $1200 3
(Kevin: What is St. John?)
(Jackie: What is St. George?)
....
(Alex: Kevin, you made a common mistake...St. John is the capital of New Brunswick.)

St. John's

JackieKevin
Triple Stumper
    $2,300 13
(Brian: What is Greenpeace?)

American Lung Association

Brian
    $1200 16
Samuel Pepys

Jackie
    $1200 19
Casablanca

Kevin
    $1200 9
middle ear

Jackie
    $1200 22
(Alex: You get the feeling that just by coincidence we've had so many medical clues, & it's like another medical exam for you; you're having to pass it all over again?)

Achilles tendon

Jackie
    $1600 1
Louis XVI

Brian
    $1600 14
Jewish Defense League

Brian
    $1600 20
Richard Byrd

Kevin
    $1600 23
(Alex: Minute to go.)

Oliver Stone

Jackie
    $1600 10
mechanical engineering

Brian
    $1600 24
spur

Kevin
    $2000 2
Gavrilo Princip

Brian
    $2000 15
(Jackie: What is the Mayflower Association?)

The Mayflower Society

Jackie
Triple Stumper
    $2000 21
Anais Nin

Kevin
    $2000 26
(Jackie: Who is Marlene Dietrich?)

Bette Davis

Jackie
Triple Stumper
    $2,700 11
(Brian: Sorry.)

mock epic

Brian
    $2000 25
tibia

Jackie

Scores at the end of the Double Jeopardy! Round:

Jackie Brian Kevin
$18,600 $1,600 $10,000

[wagering suggestions for these scores]

Final Jeopardy! Round responses

FICTIONAL CHARACTERS
(Alex: Jackie, it looks like "Buttery"; you're a doctor, you're not supposed to be able to write clearly!)
BrianWho was Madame Butterfly
$1,600
KevinWho is Madame Butterfly?
$10,000
JackieWho is Madame Butterfly
$1,401
Madame Butterfly

Final scores:

Jackie Brian Kevin
$20,001 $3,200 $20,000
3-day champion: $55,602 3rd place: $1,000 2nd place: $2,000

Game dynamics:

Coryat scores:

Jackie Brian Kevin
$17,200 $6,600 $10,000
29 R
(including 1 DD),
3 W
8 R,
6 W
(including 2 DDs)
14 R,
2 W

Combined Coryat: $33,800

The J! Archive is created by fans, for fans. The Jeopardy! game show and all elements thereof, including but not limited to copyright and trademark thereto, are the property of Jeopardy Productions, Inc. and are protected under law. This website is not affiliated with, sponsored by, or operated by Jeopardy Productions, Inc. Join the discussion at JBoard.tv.